Κατάλογος Βιβλιοθηκών Mediterranean College

Καπιταλισμός έκτος Νόμου / Η Οικονομία του παρασκηνίου (Record no. 3086)

MARC details
000 -LEADER
fixed length control field 02080cam a22001934a 4500
005 - ΗΜΕΡΟΜΗΝΙΑ ΚΑΙ ΩΡΑ ΤΕΛΕΥΤΑΙΑΣ ΕΝΗΜΕΡΩΣΗΣ
Πεδίο ελέγχου 20250605164104.0
008 - FIXED-LENGTH DATA ELEMENTS--GENERAL INFORMATION
Πεδίο ελέγχου σταθερού μήκους 250528s ||||||||||||||||||||||||d
035 ## - SYSTEM CONTROL NUMBER
System control number 17684
020 ## - ISBN
ISBN 9789606698491
040 ## - ΠΗΓΗ ΚΑΤΑΛΟΓΟΓΡΑΦΗΣΗΣ
Φορέας πρωτότυπης καταλογογράφησης MC Athens Campus Library
Γλώσσα καταλογογράφησης Ελληνικά, Μοντέρνα (1453-)
Modifying agency MC Athens Campus Library
Κανόνες περιγραφικής καταλογογράφησης AACR2
245 1# - ΤΙΤΛΟΣ ΚΑΙ ΔΗΛΩΣΗ ΥΠΕΥΘΥΝΟΤΗΤΑΣ
Τίτλος Καπιταλισμός έκτος Νόμου / Η Οικονομία του παρασκηνίου
260 ## - PUBLICATION, DISTRIBUTION, ETC.
Name of publisher, distributor, etc. Ημερησία Α.Ε,
Date of publication, distribution, etc. 2014
300 ## - PHYSICAL DESCRIPTION
Extent 320
520 ## - SUMMARY, ETC.
Summary, etc. Ένας καπιταλισμός σκοτεινός και κερδοσκοπικός αντιστρατεύεται σήμερα τον καπιταλισμό εκείνο που λειτουργεί εντός ρυθμιστικού πλαισίου. Πρόλογος, Τα Παρασκήνια του Καζίνου, Η Υποκρισία των Τραπεζιτών, Μια Βραδυφλεγής Βόμβα, Επικίνδυνες Σχέσεις, Οι Οίκοι Αξιολόγησης είναι Παντοτινοί, Οι Φορολογικοί Παράδεισοι δεν είναι εκεί που νομίζουμε, Κερδοσκοπία και Καλάθι της Νοικοκυράς, Η Αυτοκρατορία του Παγκόσμιου Εμπορίου, Οι Ασάλευτοι Χωροφύλακες, Όταν η Αριστερά Απελευθερώνει την Αγορά, Είναι Πιθανό ένα Νέο Κραχ;, Ορίστε - Περάστε Μιλόρδοι μου, Οι Ανίκανοι Επιστρέφουν, Άνθρωποι τόσο Ξεχωριστοί, Τα Hedge Funds ή όταν Βγαίνουν Όλοι Κερδισμένοι, Ο Αδύναμος Κρίκος της Ευρώπης, Οι Σιωπηλοί Συνένοχοι, Ο Κόσμος του Αργού Πετρελαίου, Ο Πόλεμος των Μετάλλων, Κρατικά Επενδυτικά Ταμεία: Ένα Αόρατο Όπλο, Είναι Πιθανό ένα Νέο Κράχ;, Γλωσσάριο, Βιβλιογραφία.
700 1# - ΠΡΟΣΘΕΤΗ ΑΝΑΓΡΑΦΗ--ΦΥΣΙΚΟ ΠΡΟΣΩΠΟ
Personal name Marc Roche
9 (RLIN) 3856
942 ## - ADDED ENTRY ELEMENTS (KOHA)
Koha item type Books
Holdings
Τύπος τεκμηρίου Βιβλιοθήκη Τρέχουσα τοποθεσία Barcode Αριθμός εισαγωγής Ημερομηνία απόκτησης Ταξιθετικό σύμβολο Αριθμός αντιτύπου Κατάσταση απόσυρσης Κατάσταση χαμένου Κατάσταση κατεστραμμένου Μη δανεισμός Σύνολο δανεισμών Ημερομηνία τελευταίας εμφάνισης Η τιμή ισχύει από
Books MC Athens Campus Library MC Athens Campus Library 9780000030856 6045 05/06/2025 330.122 ROC 1           05/06/2025 05/06/2025

MC Athens Campus Library
Πατησίων 94 & Κοδριγκτώνος 13, 104 34
Πελλήνης 8 & Πατησίων 107, 112 51
Τ: +30 210 8899600

MC Thessaloniki Campus Library
Ίωνος Δραγούμη 21, 54625 | Ίωνος Δραγούμη 15, 54625
Τ: +30 2310 287779 – Τ: +30 2314 440300